UBT Library

LITTLE WOMEN (Record no. 60654)

000 -LEADER
fixed length control field 00341nam a22001457a 4500
008 - FIXED-LENGTH DATA ELEMENTS--GENERAL INFORMATION
fixed length control field 250417b ||||| |||| 00| 0 eng d
020 ## - INTERNATIONAL STANDARD BOOK NUMBER
International Standard Book Number 9780007350995
041 ## - LANGUAGE CODE
Language code of text/sound track or separate title eng
080 ## - UNIVERSAL DECIMAL CLASSIFICATION NUMBER
Edition identifier 2013
Universal Decimal Classification number 82ALC
082 ## - DEWEY DECIMAL CLASSIFICATION NUMBER
Edition number 82ALC
Classification number 82ALC
100 ## - Rafti
Rafti 01
101 ## - Shkurtesa
Shkurtesa GJUHE DHE LETERSI
245 ## - TITLE STATEMENT
Title LITTLE WOMEN
Statement of responsibility, etc LOUISA MAY ALCOTT
942 ## - ADDED ENTRY ELEMENTS (KOHA)
Source of classification or shelving scheme
Item type Books
Holdings
Withdrawn status Lost status Source of classification or shelving scheme Damaged status Not for loan Collection code Permanent location Current location Date acquired Total Checkouts Full call number Barcode Date last seen Price effective from Koha item type
          Koleksioni i përgjithshem UBT - Lipjan UBT - Lipjan 04/17/2025   82ALC 002-800070980 04/17/2025 04/17/2025 Books
UBT Library © 2015-2024. All rights reserved University Education for Business and Technology